| 000 | 01364cam a22003497a 4500 | ||
|---|---|---|---|
| 003 | CHAP | ||
| 005 | 20220817043406.0 | ||
| 008 | 971013s1986 r 00010 d | ||
| 010 | _a74211 | ||
| 011 | _a75183 | ||
| 035 | _a84743 | ||
| 040 | _cCHAP | ||
| 082 |
_a630.71 _bC3 |
||
| 100 | 0 | 0 |
_aCarmona Ruiz, Gildardo. _919045 |
| 245 | 0 | _aEstudio comparativo de la oferta y la demanda actual y potencial de profesores con el nivel de postgrado para las instituciones de educación agropecuaria superior en México (1983-1985) | |
| 260 |
_aMéxico, D.F. : _bAsociación Mexicana de Educación Agrícola Superior, _c1986 |
||
| 300 | _a160 P. | ||
| 590 |
_aBATCH-UPD _b10 _c20130110 _lUCH01 _h0239 |
||
| 590 |
_aBATCH-UPD _b10 _c20130110 _lUCH01 _h1307 |
||
| 590 |
_aBATCH-UPD _b10 _c20130409 _lUCH01 _h2306 |
||
| 590 |
_aBATCH-UPD _b10 _c20130410 _lUCH01 _h1411 |
||
| 590 |
_aBATCH-UPD _b10 _c20130914 _lUCH01 _h0938 |
||
| 590 |
_aCONVERSION _b10 _c20130109 _lUCH01 _h1341 |
||
| 650 | 1 | 4 |
_aCientíficos mexicanos. _923259 |
| 650 | 1 | 4 |
_aEducación agrícola _zMéxico. _935552 |
| 650 | 1 | 4 |
_aEstudios de postgrado _xMéxico. _938528 |
| 710 | 0 |
_aColegio de Postgraduados. Chapingo, Méx. _925068 |
|
| 710 | 0 | _aConsejo Nacional de Ciencia y Tecnología. México. | |
| 901 | _aBK | ||
| 942 | _cLIBRO | ||
| 949 |
_a630.71 C3 _bBC _cLIBRO _d33724000032595 _eLIBRO _h69893 _i84743 _mD _si |
||
| 999 |
_c74211 _d74211 |
||